000 00703nam a2200289Ia 4500
005 20260324123426.0
008 008 260324s9999 xx 000 0 eng d
020 _a9780203116050
037 _aEBOOK
040 _aCRL
040 _beng
040 _cCRL
041 _2eng
041 _aeng
084 _qCRL
100 _aKate Macdonald; Shelley Marshall; Sanjay Pinto
_91170255
245 0 _aNew Visions for Market Governance
245 0 _bCrisis and Renewal
260 _bTaylor and Francis
260 _c2012
365 _a
365 _b240
856 _uhttp://www.taylorfrancis.com/books/9780203116050
942 _cEBOOK
999 _c1763772
_d1763772